Statistics for Styles of Ballroom Dance

Click here to take the quiz!

General Stats

  • This quiz has been taken 138 times
  • The average score is 14 of 19

Answer Stats

Answer% Correct
American Tango
93%
Tango
93%
American Waltz
91%
Waltz
91%
American Cha Cha
89%
Cha Cha
89%
American Rumba
85%
Rumba
85%
Jive
83%
American Foxtrot
80%
Foxtrot
80%
Quickstep
80%
Samba
80%
Paso Doble
71%
Viennese Waltz
61%
American Viennese Waltz
51%
Mambo
26%
Bolero
15%
East Coast Swing
14%

Score Distribution

Percentile by Number Answered

Percent of People with Each Score

Your Score History

You have not taken this quiz